00000000nam 2200000zi 4500
0019.919289
003CaOODSP
00520250314084007
006m     o  d f      
007cr mn|||||||||
008230119t20232023onc     o    f000 0 eng d
020 |a9780660471808
040 |aCaOODSP|beng|erda|cCaOODSP
0410 |aeng|afre
043 |an-cn---
045 |ay2y2
0861 |aP54-3/2023E-1-PDF
24500|aClient service feedback survey - #003 : |banalysis report / |cprepared for Public Services and Procurement Canada, Pension Excellence Sector.
264 1|aOttawa, Ontario : |bPublic Services and Procurement Canada = Services publics et approvisionnement Canada, |c2023.
264 4|c©2023
300 |a1 online resource (46 pages) + |esummary (3 pages)
336 |atext|btxt|2rdacontent
337 |acomputer|bc|2rdamedia
338 |aonline resource|bcr|2rdacarrier
500 |aIssued also in French under title: Sondage sur la rétroaction du service à la clientèle - #003 : rapport d'analyse.
500 |a"February 2023."
500 |a"Supplier name: Advanis Inc."
500 |a"Contract number: EP082-212778/001/CY."
500 |a"Registration number: POR 130-20."
546 |aText chiefly in English; includes some text in French.
61010|aCanada. |bPublic Services and Procurement Canada|xCustomer services|xPublic opinion.
650 0|aCivil service pensioners|xServices for|zCanada|xPublic opinion.
650 0|aPublic opinion|zCanada.
650 0|aCivil service pensioners|zCanada|xAttitudes.
7101 |aCanada. |bPublic Services and Procurement Canada, |eissuing body.
7102 |aAdvanis (Firm), |econsultant.
77508|tSondage sur la rétroaction du service à la clientèle - #003 : |w(CaOODSP)9.919291
794 |tClient service feedback survey - #004 : |w(CaOODSP)9.921505
795 |tClient service feedback survey, #002.|w(CaOODSP)9.916017
85640|qPDF|s916 KB|uhttps://publications.gc.ca/collections/collection_2024/spac-pspc/P54-3-2023-eng-1.pdf|z(analysis report)
85640|qPDF|s291 KB|uhttps://publications.gc.ca/collections/collection_2024/spac-pspc/P54-3-2023-eng-1-1.pdf|z(executive summary)
8564 |qHTML|sN/A|uhttps://epe.lac-bac.gc.ca/100/200/301/pwgsc-tpsgc/por-ef/public_services_procurement_canada/2022/130-20-e/wave3/Report_003_130-20.html|z(analysis report)
8564 |qHTML|sN/A|uhttps://epe.lac-bac.gc.ca/100/200/301/pwgsc-tpsgc/por-ef/public_services_procurement_canada/2022/130-20-e/wave3/summary/Executive_Summary_003_130-20.html|z(executive summary)
8564 |qHTML|sN/A|uhttps://epe.lac-bac.gc.ca/100/200/301/pwgsc-tpsgc/por-ef/public_services_procurement_canada/2022/130-20-e/wave3/index.html|z(complete dataset)